| 000 | nam a22 7a 4500 | ||
|---|---|---|---|
| 999 |
_c126439 _d126439 |
||
| 008 | 170511b xxu||||| |||| 00| 0 eng d | ||
| 050 | _aBR50.S765 2002 | ||
| 100 |
_aFackre, Gabriel _930803 |
||
| 245 |
_aStory lines _bChapters on thought, word and deed _cGabriel Fackre |
||
| 260 |
_aGrand Rapids, Michigan _bWilliam B. Eerdmans Publishing Company _c2002 |
||
| 300 |
_axiii, 263p. ; _c24cm. |
||
| 650 |
_aTheology _930804 |
||
| 700 |
_aGibson, Skye Fackre _eed. _930805 |
||
| 942 |
_2lcc _cMONOGRAPH |
||